Les Japonais : De la Préhistoire aux enjeux contemporains (notice n° 1568170)

détails MARC
000 -LEADER
fixed length control field 01255cam a2200133 4500500
005 - DATE AND TIME OF LATEST TRANSACTION
control field 20251214004043.0
041 ## - LANGUAGE CODE
Language code of text/sound track or separate title fre
042 ## - AUTHENTICATION CODE
Authentication code dc
100 10 - MAIN ENTRY--PERSONAL NAME
Personal name Calvet, Robert
Relator term author
245 00 - TITLE STATEMENT
Title Les Japonais : De la Préhistoire aux enjeux contemporains
260 ## - PUBLICATION, DISTRIBUTION, ETC.
Name of publisher, distributor, etc. Armand Colin,<br/>
Date of publication, distribution, etc. 2022.<br/>
520 ## - SUMMARY, ETC.
Summary, etc. Aujourd'hui perçu soit comme la patrie de l'innovation technologique et du dynamisme économique, soit au contraire, à travers l'image d'Épinal des samourai et des geisha, le Japon ne saurait se réduire à ces stéréotypes. Son histoire mouvementée a présenté bien des aspects contradictoires, que cet ouvrage se propose de suivre depuis l'origine du peuplement de l'archipel jusqu'à la période la plus récente. De l'âge d'or de la culture Jomon, 10 000 ans avant notre ère, jusqu'aux défis contemporains, une aventure collective qui s'est enrichie des contacts avec les autres puissances asiatiques. Et qu'a orientée, depuis cent cinquante ans, une relation conflictuelle de rupture et d'osmose avec l'Occident. Cette nouvelle édition présente les plus récents événements économiques, sociaux et politiques du Japon.
856 41 - ELECTRONIC LOCATION AND ACCESS
Uniform Resource Identifier <a href="https://shs.cairn.info/histoire-du-japon--9782200633233?lang=fr&redirect-ssocas=7080">https://shs.cairn.info/histoire-du-japon--9782200633233?lang=fr&redirect-ssocas=7080</a>

Pas d'exemplaire disponible.

PLUDOC

PLUDOC est la plateforme unique et centralisée de gestion des bibliothèques physiques et numériques de Guinée administré par le CEDUST. Elle est la plus grande base de données de ressources documentaires pour les Étudiants, Enseignants chercheurs et Chercheurs de Guinée.

Adresse

627 919 101/664 919 101

25 boulevard du commerce
Kaloum, Conakry, Guinée

Réseaux sociaux

Powered by Netsen Group @ 2025